header

On Meadowview Street / (Record no. 262952)

MARC details
000 -LEADER
fixed length control field 00647nam a22002177a 4500
003 - CONTROL NUMBER IDENTIFIER
control field OSt
005 - DATE AND TIME OF LATEST TRANSACTION
control field 20240221113354.0
008 - FIXED-LENGTH DATA ELEMENTS--GENERAL INFORMATION
fixed length control field 240221b xxu||||| |||| 00| 0 eng d
010 ## - LIBRARY OF CONGRESS CONTROL NUMBER
LC control number 2006023761
020 ## - INTERNATIONAL STANDARD BOOK NUMBER
International Standard Book Number 9780060564810 (trade bdg.) )
International Standard Book Number 0060564814 (trade bdg.)
International Standard Book Number 9780060564827 (lib. bdg.)
International Standard Book Number 0060564822 (lib. bdg.)
040 ## - CATALOGING SOURCE
Transcribing agency DLC
Modifying agency RU
050 ## - LIBRARY OF CONGRESS CALL NUMBER
Classification number PZ7
Item number .C67345 2007
100 ## - MAIN ENTRY--PERSONAL NAME
Personal name Cole, Henry,
Dates associated with a name 1955-
245 ## - TITLE STATEMENT
Title On Meadowview Street /
Statement of responsibility, etc Henry Cole.
260 ## - PUBLICATION, DISTRIBUTION, ETC. (IMPRINT)
Place of publication, distribution, etc New York :
Name of publisher, distributor, etc Greenwillow Books,
Date of publication, distribution, etc c2007.
300 ## - PHYSICAL DESCRIPTION
Extent 1 v. (unpaged) :
Other physical details col. ill. ;
Dimensions 28 cm.
942 ## - ADDED ENTRY ELEMENTS (KOHA)
Source of classification or shelving scheme Library of Congress Classification
Koha item type Long Loan Books
Holdings
Withdrawn status Lost status Source of classification or shelving scheme Damaged status Not for loan Collection code Home library Current library Shelving location Date acquired Total Checkouts Full call number Barcode Date last seen Price effective from Koha item type
    Library of Congress Classification     Fiction Rongo University Library Rongo University Library Children's Area 21/02/2024   PZ7 .C67345 2007 CL20233205 21/02/2024 21/02/2024 Long Loan Books

© 2026 Rongo University
Contact us: librarian | system librarian | Rongo university